La Liga Winners by Year - Statistics

General Stats
  • This quiz has been taken 353 times
    274 since last reset
  • The average score is 20 of 23
Answer Stats
Points Season Winner % Correct
87 2019-20 Real Madrid
100%
87 2018-19 Barcelona
97%
93 2017-18 Barcelona
95%
93 2016-17 Real Madrid
94%
91 2015-16 Barcelona
93%
94 2014-15 Barcelona
93%
90 2013-14 Atlético Madrid
92%
100 2012-13 Barcelona
90%
96 2010-11 Barcelona
90%
100 2011-12 Real Madrid
90%
99 2009-10 Barcelona
89%
87 2008-09 Barcelona
89%
82 2005-06 Barcelona
89%
84 2004-05 Barcelona
89%
85 2007-08 Real Madrid
89%
76 2006-07 Real Madrid
89%
78 2002-03 Real Madrid
85%
77 2003-04 Valencia
82%
80 2000-01 Real Madrid
79%
75 2001-02 Valencia
72%
79 1998-99 Barcelona
70%
74 1997-98 Barcelona
68%
69 1999-2000 Deportivo La Coruña
59%
No matching quizzes found
Score Distribution
Percent of People with Each Score
Percentile by Number Answered
Your Score History
You have not taken this quiz since the last reset